Introduction to seismology / (Record no. 543985)

000 -LEADER
fixed length control field 00670cam a2200193 a 4500
020 ## - INTERNATIONAL STANDARD BOOK NUMBER
International Standard Book Number 0521660238 (hbk.)
020 ## - INTERNATIONAL STANDARD BOOK NUMBER
International Standard Book Number 0521669537 (pbk.)
082 00 - DEWEY DECIMAL CLASSIFICATION NUMBER
Classification number 551.22
Author Mark SHE
-- N-01, P-97
100 1# - MAIN ENTRY--PERSONAL NAME
Personal name Shearer, Peter M.,
9 (RLIN) 39505
245 10 - TITLE STATEMENT
Title Introduction to seismology /
Statement of responsibility, etc. Peter M. Shearer.
260 ## - PUBLICATION, DISTRIBUTION, ETC.
Place of publication, distribution, etc. Cambridge ;
-- New York :
Name of publisher, distributor, etc. Cambridge University Press,
Date of publication, distribution, etc. 1999.
300 ## - PHYSICAL DESCRIPTION
Extent xii, 260 p. :
Other physical details ill. ;
Dimensions 26 cm.
526 ## - STUDY PROGRAM INFORMATION NOTE
Program name 0
Interest level 0
Reading level 0
Title point value 551_220000000000000_SHE
650 #0 - SUBJECT ADDED ENTRY--TOPICAL TERM
Topical term or geographic name entry element NUST
9 (RLIN) 6342
650 #0 - SUBJECT ADDED ENTRY--TOPICAL TERM
Topical term or geographic name entry element Seismology.
9 (RLIN) 36379
856 41 - ELECTRONIC LOCATION AND ACCESS
Uniform Resource Identifier <a href="http://www.loc.gov/catdir/toc/cam022/98043740.html">http://www.loc.gov/catdir/toc/cam022/98043740.html</a>
856 42 - ELECTRONIC LOCATION AND ACCESS
Uniform Resource Identifier <a href="http://www.loc.gov/catdir/description/cam029/98043740.html">http://www.loc.gov/catdir/description/cam029/98043740.html</a>
942 ## - ADDED ENTRY ELEMENTS (KOHA)
Source of classification or shelving scheme
Koha item type Book
Holdings
Withdrawn status Lost status Source of classification or shelving scheme Damaged status Not for loan Permanent Location Current Location Date acquired Total Checkouts Full call number Barcode Date last seen Price effective from Koha item type
          Military College of Engineering (MCE) Military College of Engineering (MCE) 04/09/2014   551.22 SHE MCE-36689 04/09/2014 04/09/2014 Book
© 2023 Central Library, National University of Sciences and Technology. All Rights Reserved.